Statistics for U.S. General Knowledge #2

Click here to take the quiz!

General Stats

  • This quiz has been taken 26,528 times
    (15,213 since last reset)
  • The average score is 11 of 20

Answer Stats

QuestionAnswer% Correct
What is either a large rock or a city in Colorado?Boulder
89%
Which state is mentioned in the lyrics to the song "Take Me Home, Country Roads"?West Virginia
89%
What was the most common type of gun used in the Revolutionary War?Musket
73%
What was the first state to ratify the Constitution?Delaware
71%
What cereal is for kids, silly rabbit?Trix
71%
What is the coldest state capital (mean temperature, 1991–2020)?Juneau
70%
What car company announced plans to move its headquarters from
California to Texas in 2021?
Tesla
70%
What's the best-selling variety of Girl Scout cookies?Thin Mints
65%
What language did the Pennsylvania Dutch speak?German
64%
What 20th century conflict is known as the "Forgotten War"?The {Korean} War
59%
What major University bans profanity, alcohol, caffeine, premarital sex, and even beards?Brigham Young
58%
What is the largest chain of "brestaurants" in the United States?Hooters
55%
Whose likeness did Republicans propose putting on the dime, in 2003?Ronald Reagan
52%
What is either an album by the Red Hot Chili Peppers or a show starring David Duchovny?Californication
43%
Who plays first base in the Abbott and Costello routine "Who's on First?"Who
41%
What former politician had a wife nicknamed Tipper?Al Gore
39%
What tech-heavy stock index declined by nearly 80% in the dot-com crash?NASDAQ
35%
What reality TV show did the villainous Omarosa appear in?The Apprentice
31%
What city did Brandon and Brenda Walsh move to in high school?Beverly Hills
29%
What, according to Yogi Berra, ain't worth a dime anymore?a Nickel
26%

Score Distribution

Percentile by Number Answered

Percent of People with Each Score

Your Score History

You have not taken this quiz since the last reset